[Event "US op 102nd"]
[Site "Framingham"]
[Date "2001.08.08"]
[Round "4"]
[White "Atalik, Suat"]
[Black "Kaliksteyn, Alexander"]
[Result "0-1"]
[WhiteElo "2537"]
[BlackElo "2373"]
[Annotator "Atalik,S"]
[PlyCount "116"]
[EventDate "2001.08.04"]
[EventType "swiss"]
[EventRounds "9"]
[EventCountry "USA"]
[SourceTitle "CBM 083 Extra"]
[Source "ChessBase"]
[SourceDate "2001.09.11"]
[SourceVersion "1"]
[SourceVersionDate "2001.09.11"]
[SourceQuality "1"]

1. d4 d5 2. c4 e6 3. Nc3 c6 4. e3 Bd6 {This strange move ticked me off.} 5. Bd3
(5. Qg4 g6 (5... Nf6 6. Qxg7 Rg8 7. Qh6 dxc4 8. Nf3 b5 $13) 6. Qd1 {comes into
consideration.}) 5... f5 6. g4 Nf6 7. gxf5 (7. cxd5 cxd5 8. gxf5 exf5 9. Qf3 f4
$1 $44 (9... Ne4 $2 10. Nxd5 Qa5+ 11. Nc3 Nxc3 12. Bd2 Bb4 13. Rc1 Qxa2 14.
bxc3 $16)) 7... dxc4 (7... exf5 $5 8. Qb3) 8. Bxc4 exf5 9. Nf3 Qe7 10. Ng5 Rf8
11. Qe2 (11. Nxh7 $4 Nxh7 12. Qh5+ g6 13. Qxg6+ Kd8 $19) 11... Nbd7 (11... h6
12. Nf3 g5 (12... Be6 13. Nh4 Rg8 14. Ng6 Qf7 15. Bxe6 Qxe6 16. h4 $13) 13. Nd2
$13) 12. Bb3 (12. Ne6 Rf7 13. Ng5 $11) 12... Nb6 13. Bd2 $6 (13. h4 $142) 13...
h6 14. Nf3 g5 $15 15. O-O-O Be6 16. Kb1 {It is better to have double pawns on
b3 since the front one covers c4 square.} (16. Bxe6 Qxe6 17. Kb1 Ne4 $17) 16...
Bxb3 17. axb3 Qe6 18. Kc2 (18. Qd3 Qxb3 19. Qxf5 Nc4 20. Bc1 $17) (18. Be1 Qxb3
19. d5 Nbxd5 20. Nxd5 Nxd5 (20... cxd5 21. Nd4 Qa4 $17) 21. Nd4 Qa4 22. b3 Qa3
23. Qh5+ Rf7 24. Qxh6 Be5 $17) 18... Nbd5 19. Nxd5 Nxd5 20. Ne5 Bxe5 $6 {
Black has chosen a direct continuation but this was simply needless to secure
an advantage.} (20... O-O-O 21. Nd3 $17 (21. Nc4 Bc7 22. Qd3 $17)) 21. dxe5
Qxe5 22. Qh5+ Kd7 23. Qxh6 $1 (23. h4 $6 g4 24. Qxh6 Rh8 25. Qg6 Rag8 26. Qf7+
Kc8 27. Bc3 Qe4+ 28. Kc1 Rf8 29. Qg6 Rhg8 (29... Nxc3 30. bxc3) 30. Qd6 Rd8 $17
) 23... Rh8 24. Qg6 (24. Qxg5 $4 Qe4+ $1 (24... Rag8 25. Qf4 $1 Nxf4 26. Bc3+
Ke6 (26... Qd5 27. Bxh8) 27. Bxe5 Kxe5 28. exf4+ Kxf4 $15) 25. Kc1 Rag8 $19)
24... Rag8 25. Qf7+ Kc8 26. Bc3 Nxc3 {Draw offer.} (26... Qe4+ 27. Kc1) 27.
Qd7+ {The most natural response.} (27. bxc3 Rg7 28. Qc4 Rgh7 29. h3 g4 30. h4
a6 {and white has problems.}) 27... Kb8 28. bxc3 Rg7 29. Qd6+ $2 (29. Qd4 $1
Qxd4 30. Rxd4 Rgh7 31. Rg1 Rxh2 32. Rxg5 Rxf2+ 33. Kd3 $44) 29... Qxd6 30. Rxd6
Rh3 31. Kd2 (31. Kd3 f4) 31... Kc7 32. Rf6 f4 33. exf4 Rd7+ 34. Kc2 g4 $1 $17 {
Till this moment I thought I was doing fine but after this good move white is
in deep trouble.} 35. c4 (35. Re6 Rdd3 (35... Rf3 36. Re2 Rf7 37. Rg1 R7xf4 38.
Rg3 Rxf2 39. Rxf2 Rxf2+ 40. Kd3 Rxh2 41. Rxg4 $15) 36. Re7+ (36. Re3 $2 Rdxe3
37. fxe3 g3 38. Kd3 gxh2 39. Ke4 a5 $19) 36... Kb6 37. Re3 Rdxe3 38. fxe3 g3
39. Kd3 gxh2 40. f5 Kc7 41. Ke4 Kd6 42. Kf4 a5 43. e4 b5 44. e5+ Ke7 45. Kg4
Rh8 46. Kg5 a4 47. bxa4 bxa4 48. Kg6 Rg8+ 49. Kh7 Rg2 $19) 35... Rdd3 36. Rf7+
(36. c5 Rc3+ 37. Kd2 Rxc5 38. Rf7+ Kb6 39. Rg7 Ra5 $19) 36... Kb6 37. c5+ (37.
Rg1 Rc3+ 38. Kd1 Rxb3 39. Rxg4 Rxh2 $19) 37... Kxc5 38. Rxb7 Rdf3 {Whites
problems continue.} 39. Kb2 (39. Rc1 Rxf2+ 40. Kb1+ Kd6 41. Rxa7 Rxb3+ 42. Ka1
Rxh2 43. Ra6 g3 44. Raxc6+ Kd5 $19) (39. Rf1 Rxh2) 39... Rxf2+ 40. Ka3 Rhxh2
41. Rxh2 Rxh2 42. Rxa7 (42. Rg7 Rg2 43. f5 g3 44. f6 Kd6 45. Kb4 Ke6 46. f7 Ke7
$19) 42... Rf2 43. f5 g3 44. Rg7 g2 45. f6 Kd6 $19 46. Kb4 {Nothing can save
the game.} (46. b4 Ke6 47. f7 Ke7 48. Kb3 Kf8 49. Rg4 Kxf7 50. Kc4 Kf6 51. Kd3
Kf5 52. Rg8 (52. Ke3 Kxg4 53. Kxf2 Kf4 $1 54. Kxg2 Ke4 55. Kf2 Kd4 56. Ke2 Kc4
57. Kd2 Kxb4 58. Kc2 Kc4 $19) 52... Kf4 53. Rf8+ Kg3 54. Rg8+ Kh2 55. Rh8+ Kg1
56. Rh6 Rf4 57. Ke2 Rxb4 58. Rxc6 Rh4 $19) 46... Rc2 47. Ka5 Ke6 $1 {Accuracy
is still needed.} (47... c5 $4 48. b4 $1 c4 49. b5 Ke6 50. f7 Ke7 51. b6 $11)
48. f7 Ke7 49. b4 Kf8 50. Rg3 Kxf7 51. Kb6 Kf6 52. Rg8 ({White is still not in
time to sac the rook.} 52. Rxg2 Rxg2 53. Kxc6 Ke6 54. b5 Rc2+ $19) 52... Kf5
53. Kc7 Kf4 54. Rg6 (54. Rxg2 Rxg2 55. Kxc6 Rc2+ 56. Kd5 Rb2 57. Kc5 Ke5 58. b5
Rc2+ $19) 54... Kf3 55. Rf6+ Ke2 56. Rg6 Kf1 57. Rf6+ {The final trick for
white was to keep the rook on the sixth rank.} Kg1 $1 (57... Rf2 $4 58. Rxc6
Rb2 59. Rf6+ Kg1 60. Rb6 $1 Rb1 61. b5 Kf2 62. Rf6+ Ke3 63. Rg6 $11) 58. Kb6
Rc4 {Superb rooks endgame by IM Kaliksteyn.} (58... Rc4 59. b5 cxb5 60. Kxb5
Rh4) 0-1

[Event "Kavala op 12th"]
[Site "Kavala"]
[Date "2003.08.10"]
[Round "4"]
[White "Avrukh, Boris"]
[Black "Dzhumaev, Marat"]
[Result "1-0"]
[WhiteElo "2557"]
[BlackElo "2495"]
[Annotator "Avrukh,B"]
[PlyCount "69"]
[EventDate "2003.08.08"]
[EventType "swiss"]
[EventRounds "9"]
[EventCountry "GRE"]
[SourceTitle "CBM 095 Extra"]
[Source "ChessBase"]
[SourceDate "2003.09.04"]
[SourceVersion "1"]
[SourceVersionDate "2003.09.04"]
[SourceQuality "1"]

1. d4 {Avrukh,B} f5 2. g3 Nf6 3. Nf3 g6 4. c4 d6 5. b4 c6 $146 (5... Bg7 6. Bb2
O-O 7. Bg2 c6 8. O-O Kh8 9. Nbd2 Be6 10. Rc1 Bg8 11. Qc2 a5 12. b5 a4 13. Ba3
Nbd7 14. bxc6 bxc6 15. Rfe1 {1-0 Peng,Z-Cmilyte,V/Istanbul 2000/EXT 2001 (68)})
6. Bb2 a5 $5 {A very interesting conception:white pawnstructure on the
queenside is a little bit vulnerable, so even without castle black is trying
to create targets for the attack.} 7. b5 (7. a3 $143 axb4 8. axb4 Rxa1 9. Bxa1
Na6 $132 {[%csl Gb4]}) 7... cxb5 8. cxb5 a4 {Continuing the same strategy.} (
8... Bg7 9. Bg2 Nbd7 10. O-O Nb6 11. Nc3 O-O 12. Qb3+ Kh8 13. Rac1 {and white
has a clear edge} (13. a4 $5)) 9. Nc3 (9. Bg2 Qa5+ 10. Bc3 Qxb5 11. Na3 Qa6 12.
Rb1 $44 {was also interesting}) 9... Nbd7 {[%cal Gd7b6]} (9... a3 10. Bc1 Ne4 (
10... Qa5 11. Bd2) 11. Qb3 $1 (11. Nxe4 fxe4 12. Ng5 d5 $1 $13 (12... Qa5+ $143
13. Bd2 Qxb5 14. Nxe4 $16)) 11... Qa5 12. Bd2 Nxd2 13. Nxd2 Bg7 14. e3 $16 {
[%csl Ge8]}) 10. Bg2 (10. Nxa4 $2 Qa5+ 11. Nc3 Ne4 (11... Nb6 12. Nd2 $1) 12.
Qb3 Nb6 $1 13. Bg2 Nd5 $1 14. Qxd5 Nxc3 15. Qb3 Nxb5+ 16. Kf1 Bg7 $11) 10...
Nb6 11. O-O Bg7 (11... Nc4 12. Bc1 Qa5 13. Qd3) 12. Rb1 O-O $2 (12... d5 $142 {
was the best option for black, although I prefer white's position after} 13.
Ne5 O-O 14. Ba3 $14) 13. d5 $1 {[%csl Ge6][%cal Gf3d4] A fairly typical idea
in Leningrad variation,which clearly secures white's advantage} Bd7 ({Doesn't
work} 13... f4 $2 14. gxf4 Bf5 (14... Nh5 15. e3) 15. Nd4 $1 {[%csl Ge6]}) 14.
Nd4 Nc4 15. Ba1 Qa5 16. Ne6 $1 ({First I was really impressed by piece
sacrifice after:} 16. Nc6 bxc6 17. dxc6 Be6 18. Nd5 {white is threatening to
advance pawns on the queenside, but finally I realized, that after right} Nb6
$1 {position is far from clear and it's too much risk for white} (18... Kh8
$143 19. Bc3 Qd8 20. c7 $1 Qc8 21. Bxf6 Bxf6 22. Nxf6 exf6 23. Bxa8 Qxa8 24. b6
Qb7 25. Qd4 $16) (18... Na3 19. Bc3 $1 Qd8 20. Bxf6 Bxf6 21. Rb4 $1 $16 {
[%csl Ra3]}) {for example} 19. Nxb6 Qxb6 20. Bd4 Qa5 21. b6 Bxa2 $1 22. b7 Bxb1
(22... Rab8 23. Ra1 e5 24. Rxa2 exd4 25. Qxa4 $1 Qc7 26. Qa5 $44) 23. bxa8=Q
Rxa8 24. Qxb1 Ne4 $1 $11) 16... Bxe6 17. dxe6 $16 {White has a clear advantage,
since it's very difficult for black to oppose something against white's
light-squared bishop pressure.} Na3 $6 (17... Rfb8 $142 18. Qd3 Ne5 19. Qc2 Nc4
20. Rbc1 $16) 18. Rc1 Qb6 (18... Nxb5 19. Nxb5 Qxb5 20. Rc7 d5 21. Qd3 $1 (21.
Rxe7 $140 Rfe8) 21... Qb6 22. Rxe7 Rfe8 23. Rxe8+ Rxe8 24. Bxf6 Bxf6 25. Bxd5
$16) 19. e3 $1 {[%cal Gd1d4]} (19. Nxa4 $143 Qxb5 20. Nc3 Qb4 $14) (19. Qd3 $5)
19... Nc4 (19... Ra5 20. Qd3 {[%csl Ga3]}) (19... Rfc8 20. Qd4 $16) 20. Qd4
Qxd4 21. exd4 Nd2 $138 (21... Rfb8 22. Nd5 $1 Nxd5 23. Rxc4 Nb6 24. Rc7 Kf8 25.
Rxb7 $18) 22. Rfd1 Nde4 23. Nxe4 Nxe4 (23... fxe4 24. Rc7) 24. Rc7 Bf6 (24...
d5 $142 25. Rxb7 Rfb8 26. Rxe7 Rxb5 27. f3 $18) 25. f3 Ng5 26. d5 $1 $18 {
[%csl Rg5][%cal Gh2h4] The rest is very simple} h5 {[%cal Gg5h7]} (26... Rfc8
27. Rxc8+ Rxc8 28. h4 $18) 27. Bxf6 Rxf6 (27... exf6 28. Rxb7 $18) 28. Rd4 $5 {
[%csl Gf4]} f4 29. gxf4 Nh7 30. Rxe7 Rff8 31. Rd7 Nf6 32. Rxd6 Rfc8 33. Rb6 Rc2
34. d6 Kf8 35. Rxb7 1-0

[Event "Enghien les Bains 4th"]
[Site "Enghien les Bains"]
[Date "2001.04.14"]
[Round "4"]
[White "Bareev, Evgeny"]
[Black "Lautier, Joel"]
[Result "1-0"]
[WhiteElo "2709"]
[BlackElo "2658"]
[Annotator "Bareev,E"]
[PlyCount "51"]
[EventDate "2001.04.11"]
[EventType "tourn"]
[EventRounds "9"]
[EventCountry "FRA"]
[EventCategory "17"]
[SourceTitle "CBM 083"]
[Source "ChessBase"]
[SourceDate "2001.07.05"]
[SourceVersion "1"]
[SourceVersionDate "2001.07.05"]
[SourceQuality "1"]

1. d4 d5 2. c4 e6 3. Nc3 c6 4. e3 Bd6 5. Bd3 f5 6. f4 Nf6 7. Nf3 O-O 8. O-O b6
9. Qe2 Bb7 10. Bd2 Ne4 $11 11. Rac1 a6 {white played the opening unambitiously
and there is no problems for black.} (11... Nd7 12. cxd5 cxd5 13. Nb5 Qe7 14.
Nxd6 $14) 12. cxd5 (12. Be1 c5 $11) 12... cxd5 13. Ne5 Nd7 14. a4 Qe7 {here
and further black have too many good options} (14... Nxd2 15. Qxd2 Qe7 $11) 15.
Be1 Rfc8 $6 (15... Nxe5 16. fxe5 Bb4 $11) 16. g4 Ndf6 (16... Nxe5 17. fxe5 Bb4
18. gxf5 Qg5+ 19. Kh1 Bxc3 20. bxc3 exf5 21. Rb1 $14) 17. Bh4 Qe8 (17... Nxc3
18. bxc3 fxg4 19. Nxg4 $14) 18. gxf5 exf5 19. Kh1 Kh8 $2 {two knights for one
square is too much} (19... Nxc3 20. bxc3 Ne4 21. Rg1 Rc7 22. Qb2 Bxe5 23. fxe5
Qxa4 24. Qxb6 Qc6 $13) 20. Rg1 Rc7 $2 {loses on spot} (20... Nxc3 21. Qg2 Qf8
22. bxc3 Bxe5 23. fxe5 Ne4 24. Rcf1 $16) (20... Bxe5 $8 21. fxe5 Ng4 22. Bxe4
dxe4 23. Rcf1 Qh5 24. Bg3 Rf8 25. e6 $14) 21. Bxe4 Nxe4 (21... fxe4 22. Rxg7
Kxg7 23. Rg1+ Kf8 24. Bxf6 {there is no defence,white slow thretens pressure.}
Qe6 25. Qg2 Bxe5 26. dxe5 Bc6 27. Qg5 $18) 22. Nxe4 Bxe5 (22... fxe4 23. Rxc7
Bxc7 24. Rxg7 Bxe5 25. Rxb7 Qc6 26. dxe5 Qxb7 27. Bf6+ Kg8 28. e6 $18) 23. Nf6
$1 Bxf6 24. Rxc7 Bxh4 25. Rgxg7 Qe4+ 26. Kg1 {Bareev} 1-0

[Event "Nikolaev zt"]
[Site "Nikolaev"]
[Date "1995.??.??"]
[Round "5"]
[White "Romanishin, Oleg M"]
[Black "Guliev, Sarhan"]
[Result "1-0"]
[WhiteElo "2595"]
[BlackElo "2470"]
[Annotator "Belov,I"]
[PlyCount "59"]
[EventDate "1995.03.??"]
[EventType "swiss"]
[EventRounds "11"]
[EventCountry "UKR"]
[SourceTitle "CBM 047"]
[Source "ChessBase"]
[SourceDate "1995.08.01"]
[SourceVersion "1"]
[SourceVersionDate "1995.08.01"]
[SourceQuality "1"]

1. d4 d5 2. c4 c6 3. Nf3 e6 4. Qc2 f5 (4... Bd6 5. Bg5 Ne7 6. e3 Nd7 7. Nc3 h6
8. Bh4 dxc4 $6 9. Bxc4 O-O 10. O-O-O $16 {Magerramov,E-Zaitceva,L/Moscow
Alekhine op/1992/1:0/19/}) (4... Nf6 5. Bg5 $5 (5. g3 dxc4 6. Qxc4 b5 $10) 5...
Nbd7 (5... h6 6. Bh4 Nbd7 7. e3 Be7 8. Nc3 O-O 9. Bd3 dxc4 10. Bxc4 Nd5 11. Bg3
$16 {Kasparov,G-Anand,V/Paris Immopar(25')(04)/1992/1:0/65/}) (5... Qa5+ 6. Bd2
Qd8 7. e3 Ne4 8. Bd3 f5 9. g4 Bd6 10. gxf5 exf5 11. Nc3 Na6 12. Qb3 (12. a3 $5)
12... Nb4 13. Be2 dxc4 14. Bxc4 Nxd2 15. Kxd2 $13 {Hort,V-Schlosser,P/Baden
Baden-B(08)/1992/0,5/60/}) (5... Bb4+ 6. Nbd2 h6 7. Bxf6 Bxd2+ (7... Qxf6 8. e3
O-O $5) 8. Nxd2 Qxf6 9. e3 e5 10. dxe5 Qxe5 11. Nf3 Qh5 12. cxd5 Qxd5 13. Qc3
O-O 14. Bc4 $14 {Razuvaev,Y-Preissmann,E/Geneve(06)/1993/0,5/30/}) 6. e3 (6.
Nbd2 Qa5 (6... Be7 7. e3 Ne4 8. Bxe7 Qxe7 9. Nxe4 dxe4 10. Qxe4 Qb4+ 11. Nd2
Qxb2 12. Qb1 Qc3 13. Bd3 $14 {Kortchnoj,V-Nej,I/URS-ch Leningrad(04)/1960/1:0/
42/}) 7. a3 dxc4 8. Qxc4 c5 9. dxc5 Qxc5 10. e3 Qxc4 11. Bxc4 Bd6 12. Ke2 $14 {
Kharlov,A-Yasinsky,V/Elista RUS-ch/1994/1:0/34/}) 6... Qa5+ 7. Nbd2 Ne4 8. Bf4
Bb4 9. a3 g5 10. Bg3 h5 (10... g4 11. Rd1 Be7 12. Ne5 Nxg3 13. hxg3 Nxe5 14.
dxe5 h5 15. Be2 $16 {Davies,N-Manor,I/Tel Aviv/1991/}) 11. O-O-O Bxa3 (11...
Be7 $2 12. Nxe4 dxe4 13. Qxe4 h4 14. Be5 f6 15. Qg6+ Kf8 16. d5 $18 {Horvath,
G-Kuijf,R/Mitropa Cup/1993/}) 12. bxa3 Qxa3+ 13. Qb2 Qxb2+ 14. Kxb2 h4 15. Nxe4
dxe4 16. Bd6 $44 {Khalifman,A-Van der Werf,M/Wijk(B1,1);CBM45/1995/1:0/68/}) (
4... Nd7 5. Bf4 $5 Ngf6 6. e3 Bb4+ (6... Be7 7. Nc3 O-O 8. Bd3 dxc4 9. Bxc4 b5
10. Bd3 Bb7 11. O-O $14 {Korchnoj,V-Doroshkevich,V/Riga URS-ch/1970/1:0/48/})
7. Nbd2 Ne4 8. a3 Qa5 9. Bd3 g5 10. Bxe4 gxf4 11. cxd5 cxd5 12. Bd3 Bd6 13. O-O
$14 {Kortchnoj,V-Vaisser,A(01)/New York PCA(25')(1)/1994/0,5/53/}) 5. Bf4 Nf6
6. e3 Be7 (6... Bd6 7. Bd3 O-O 8. O-O $14) 7. Bd3 O-O 8. O-O (8. Nc3 Ne4 9. g4
$5) 8... Nh5 (8... Ne4 9. Nbd2 (9. Ne5 $6 g5 10. Bg3 f4) 9... Nd7 $14) 9. Be5
Nd7 10. Nbd2 Nxe5 11. dxe5 $1 (11. Nxe5 Nf6 12. Rac1 Bd6 $14) 11... g6 12. Rfd1
Bd7 (12... b6 13. Rac1 Bb7 14. Nd4 Ng7 15. cxd5 cxd5 16. Qa4 $16) 13. Be2 Ng7
14. Ne1 $5 Qb6 (14... Rc8 $5) 15. Nd3 Rad8 (15... c5 $5 16. Bf3 Bc6 $14) 16. c5
Qc7 17. b4 $16 g5 18. f4 Be8 (18... Kh8 $5 19. Rab1 Rg8) 19. Nb3 Bh5 (19... Bf7
$5) 20. Bxh5 Nxh5 21. Nd4 Kf7 (21... Ng7 22. Rab1 a6 23. a4 $16) 22. Rab1 gxf4
$6 (22... Rg8 23. a4 Rc8 24. b5 $16) 23. Qe2 f3 $6 (23... Ng7 24. exf4 a6 25.
a4 $16) 24. Qxf3 Ng7 25. g4 $1 $18 Kg8 26. gxf5 exf5 (26... Nxf5 27. Nxe6 $18)
(26... Rxf5 27. Nxf5 Nxf5 28. Kh1 $18) 27. Kh1 Bg5 (27... Kh8 28. Rg1 Rde8 29.
Rg3 Bd8 30. Rbg1 Rf7 31. Rh3 $18) 28. Rg1 Qe7 29. Rg2 f4 (29... Kh8 30. Rbg1
Bh6 31. Qh3 $18) 30. exf4 1-0

[Event "Moscow3"]
[Site "Moscow"]
[Date "1995.??.??"]
[Round "?"]
[White "Ivanov, Timur"]
[Black "Guliev, Sarhan"]
[Result "1-0"]
[WhiteElo "2425"]
[BlackElo "2470"]
[Annotator "Belov,I"]
[PlyCount "67"]
[EventDate "1995.04.??"]
[EventType "tourn"]
[EventRounds "11"]
[EventCountry "RUS"]
[EventCategory "8"]
[SourceTitle "CBM 047 Extra"]
[Source "ChessBase"]
[SourceDate "1995.09.01"]
[SourceVersion "1"]
[SourceVersionDate "1995.09.01"]
[SourceQuality "1"]

1. Nf3 d5 2. d4 e6 3. c4 c6 4. Nc3 f5 5. Bf4 Nf6 6. e3 Be7 7. Bd3 O-O 8. Qc2
Ne4 9. g4 $1 Na6 (9... fxg4 10. Bxe4 gxf3 (10... dxe4 11. Ne5) 11. Bxh7+ Kh8
12. Rg1 $16) (9... b5 10. cxb5 cxb5 11. gxf5 exf5 12. Nxb5 Na6 13. a3 Qa5+ 14.
Ke2 Bd7 15. Qb3 $8 Be6 16. Rhc1 $16 {Makarov,M-Vasenev,R/URS/1989/}) (9... Qa5
10. gxf5 Bb4 $5 11. Kf1 $1 Bxc3 12. bxc3 e5 $1 13. Nxe5 Bxf5 14. f3 Bh3+ $2 (
14... Qxc3 15. fxe4 $1 Qxa1+ 16. Kg2 Bh3+ 17. Kxh3 Qxh1 18. exd5 $44) 15. Ke2
$1 $18 {Belov,I-Kolasinski,M/Czestochowa/1990/1:0/26/}) 10. a3 Qa5 11. Ke2
Nxc3+ (11... fxg4 12. Bxe4 gxf3+ 13. Bxf3 dxc4 14. Be5 $1 Bf6 15. Bxf6 Rxf6 (
15... gxf6 16. Rag1+ Kh8 17. Rg3 Bd7 18. Rhg1 $16) 16. Ne4 Rf8 17. Rhg1 Qf5 18.
Bg4 Qd5 19. Ng5 $16) 12. bxc3 Nc7 13. Ne5 (13. c5 $5 Ne8 14. Rhg1 Kh8 15. Rg2
Nf6 16. Rag1 $1 Ne4 (16... Nxg4 17. h3 Nh6 18. Rxg7 $18) (16... g6 17. Be5 Kg8
18. gxf5 $18) (16... fxg4 17. Ne5 $36) 17. gxf5 exf5 18. Rxg7 Bf6 19. Be5 $18 {
Lima,D-Giardeli,S/San Paulo zt(09)/1993/1:0/28/}) 13... Ne8 $5 (13... Bf6 14.
Rhg1 Ne8 15. Rg2 (15. gxf5 Bxe5 16. Bxe5 exf5 17. cxd5 Qxd5 18. Rg5 h6 19. Rg6
Rf7 20. Rag1 Kf8 21. c4 $16) 15... dxc4 16. Nxc4 Qd5 17. Rag1 $16 {Stempin,
P-Kholmov,R/Warszawa op/1989/0:1/48/}) 14. Rhg1 Nd6 15. gxf5 exf5 16. c5 Ne8 $6
(16... Ne4 $5 17. f3 (17. Bxe4 fxe4 18. Rg3 Bh4 (18... Bf6 19. Rag1 Kh8 20. Bh6
$2 Bxe5 21. dxe5 gxh6 $19) 19. Rg2 Bh3 $13) 17... Nxc3+ 18. Kf1 Na4 19. Rxg7+
Kxg7 20. Qg2+ Kh8 21. Bh6 Bf6 22. Bxf8 Be6 23. Bh6 Rg8 $132) 17. Bg5 Qd8 18. f4
$16 Bxg5 19. Rxg5 Qf6 (19... g6 20. h4 $36) 20. Rag1 b6 21. Qa4 $1 b5 $6 (21...
bxc5 22. Qxc6 Qxc6 23. Nxc6 cxd4 24. cxd4 Rf7 (24... Be6 25. Bxf5 Bxf5 26. Ne7+
Kh8 27. Nxf5) 25. Ne5 Re7 26. Bb5 $16) 22. Qa5 Kh8 23. R1g3 Kg8 $22 24. Kd2 Kh8
25. Be2 Qe6 26. Bf3 (26. Bh5 Nf6 27. Qc7 $18) 26... Bb7 27. h4 Qe7 28. h5 Qd8
29. Qxd8 Rxd8 30. h6 $18 Rf6 (30... g6 31. Rxg6 hxg6 32. Nxg6+ Kg8 33. Nxf8+
Kxf8 34. h7 $18) (30... gxh6 31. Rg8+ Rxg8 32. Nf7#) 31. hxg7+ Kg8 32. Bh5 h6
33. Bf7+ $1 Rxf7 34. Nxf7 1-0

[Event "YUG-chT"]
[Site "Tivat"]
[Date "1995.??.??"]
[Round "7"]
[White "Damljanovic, Branko"]
[Black "Rakic, Tomislav"]
[Result "1-0"]
[WhiteElo "2555"]
[BlackElo "2380"]
[Annotator "Belov,I"]
[PlyCount "77"]
[EventDate "1995.??.??"]
[EventType "team-swiss"]
[EventRounds "11"]
[EventCountry "YUG"]
[SourceTitle "CBM 048 Extra"]
[Source "ChessBase"]
[SourceDate "1995.11.01"]
[SourceVersion "1"]
[SourceVersionDate "1995.11.01"]
[SourceQuality "1"]

1. d4 g6 2. c4 Bg7 3. Nc3 f5 (3... c5 4. d5 Bxc3+ 5. bxc3 f5) 4. e4 $5 fxe4 (
4... d6 5. Nf3 c5 6. exf5 Bxf5 7. Be2 (7. d5 Nf6 8. Bd3) 7... Nc6 8. Be3 Nf6 9.
O-O Ng4 10. Bg5 $5 h6 11. Bh4 cxd4 12. Nxd4 Nxd4 13. Bxg4 Qd7 14. h3 O-O $13 {
Lempert,I-Petkevich,J/Moscow/1994/1:0/59/}) 5. Nxe4 Nf6 6. Nxf6+ exf6 (6...
Bxf6 7. Bh6 e6 8. Nf3 d6 9. Bd3 $14) 7. h4 (7. Bd3 d6 8. Ne2 (8. h4 f5 9. h5
Rg8 10. hxg6 hxg6 11. Ne2 $14) 8... f5 9. O-O Nd7 10. Bf4 O-O 11. Nc3 Nf6 $10)
7... d5 (7... h5 8. Bd3 f5 9. Bg5 Bf6 10. Nf3 $16) 8. h5 Qe7+ 9. Be2 Nc6 (9...
dxc4 10. Qc2 f5 11. Qxc4 $36) 10. c5 Bg4 11. h6 Bf8 12. Be3 Bxe2 13. Nxe2 Qe4
$6 (13... O-O-O 14. Nc3 Qe6 $10) 14. Kf1 g5 $2 (14... O-O-O 15. Nc3 Qe6 16. a3
Be7 17. b4 f5 $13) 15. Ng3 Qe6 16. Qh5+ Qf7 17. Qg4 Qd7 18. Nh5 $1 Be7 (18...
Qxg4 19. Nxf6+ Kf7 20. Nxg4 $18) 19. Ng7+ Kd8 20. Qf3 a5 21. Nf5 Ra6 22. g4 $16
Re8 23. Ng7 $1 (23. Kg2 Bf8 24. a3 a4 $16) 23... Rg8 24. Kg2 Kc8 25. a3 a4 26.
Rab1 Nd8 27. b4 axb3 28. Rxb3 Bf8 29. Nf5 Rg6 $6 (29... Re6) 30. Bd2 Re6 31.
Bb4 Nc6 (31... Nf7 $2 32. c6 $18) 32. Re3 $1 (32. Rhb1 Bxh6 33. Bd2 Nd8 34. Qd3
Re4 35. f3 Re6 $13) 32... Kd8 33. Rxe6 Qxe6 34. Re1 Qd7 35. Qe2 Bxh6 36. Qb5
$18 Kc8 (36... Nxb4 37. Qxb7 Nc6 38. Qa8+ Qc8 39. Re8+ $18) 37. a4 Bf8 (37...
Nxb4 38. Re8+ $18) (37... Rg8 38. Nxh6) 38. a5 Rg8 39. a6 (39. a6 bxa6 40.
Qxa6+ Kb8 (40... Kd8 41. Qa8+) 41. Rb1 $18) 1-0

[Event "Krasnodar"]
[Site "Krasnodar"]
[Date "1995.??.??"]
[Round "1"]
[White "Aleksandrov, Aleksej"]
[Black "Tregubov, Pavel V"]
[Result "1-0"]
[WhiteElo "2510"]
[BlackElo "2515"]
[Annotator "Belov,I"]
[PlyCount "65"]
[EventDate "1995.??.??"]
[EventType "tourn"]
[EventRounds "9"]
[EventCountry "RUS"]
[EventCategory "9"]
[SourceTitle "CBM 047 Extra"]
[Source "ChessBase"]
[SourceDate "1995.09.01"]
[SourceVersion "1"]
[SourceVersionDate "1995.09.01"]
[SourceQuality "1"]

1. d4 d5 2. c4 c6 3. e3 e6 4. Nc3 (4. Nf3 Bd6 5. Bd3 f5 6. Qc2 Nf6 7. Nc3 O-O
8. b3 Ne4 9. Bb2 Nd7 10. O-O-O Qe7 11. Kb1 a5 12. h3 Nxc3+ 13. Bxc3 a4 $132 {
Galljamova,A-Sherbakov,R/Novgorog op/1995/0:1/61/}) 4... Bd6 (4... f5 5. g4
fxg4 (5... Nf6 6. gxf5 exf5 7. Qb3 dxc4 8. Bxc4 Bd6 9. Nf3 Qe7 10. Bd2 $6 b5
11. Be2 Be6 12. Qc2 b4 $15 {Ovsejevitsch,S-Guliev,S/Nikolaev zt/1995/0:1/33/})
6. Qxg4 Nf6 7. Qg2 c5 $1 8. cxd5 exd5 9. Bd3 Nc6 10. Nge2 Be6 11. dxc5 Qd7 12.
Nd4 Bh3 13. Qg3 Bxc5 14. Rg1 Bxd4 15. exd4 O-O $17 {Zvjagincev,V-Sokolov,I/
Reykjavik op/1994/1:0/48/}) 5. Bd3 f5 6. g4 $6 (6. Nge2 Nf6 7. Qc2 O-O 8. f3
Kh8 9. Bd2 Qe7 10. O-O dxc4 11. Bxc4 b5 12. Bd3 Na6 13. a3 b4 14. Na4 bxa3 15.
bxa3 Bxa3 16. Rfb1 $44 {Yasinsky,V-Sveshnikov,E/Novgorod op/1995/0:1/40/}) 6...
Nf6 (6... fxg4 7. Qxg4 Qc7 (7... Qe7 8. cxd5 cxd5 9. Nxd5 $16) 8. Nge2 Nf6 9.
Qg2 O-O $13) 7. gxf5 exf5 8. Qf3 dxc4 (8... O-O 9. cxd5 cxd5 10. Nxd5 $16 (10.
Bxf5 $2 Ne4 $19)) 9. Bxc4 Qe7 10. Nge2 Be6 11. Bxe6 Qxe6 12. d5 $5 Qe5 (12...
cxd5 13. Nd4 Qd7 14. Nxf5 Be5 15. Bd2 O-O 16. Rg1 g6 $13) (12... Nxd5 13. Nd4
Qf7 14. Nxd5 cxd5 15. Nxf5 Be5 $13) 13. Nd4 O-O (13... g6 14. dxc6 Nxc6 15.
Nxc6 bxc6 16. Qxc6+ Kf7 17. Qb7+ Be7 $44) 14. Bd2 $1 (14. Nxf5 Bb4 (14... Nxd5
15. e4 Nxc3 16. bxc3 Rxf5 $2 17. Qxf5 Qxc3+ 18. Kf1 Qxa1 19. Qe6+ Kf8 20. Qxd6+
$16) 15. Bd2 Nxd5 16. e4 Nxc3 17. bxc3 Na6 18. O-O Bc5 $15) (14. Qxf5 cxd5 15.
Qe6+ Kh8 16. Qxe5 Bxe5 $15) 14... Nxd5 15. Nxd5 Qxd5 (15... cxd5 16. Bc3 Qe4
17. Qxe4 dxe4 18. Nb5 Rd8 19. O-O-O $18) 16. Qxd5+ cxd5 17. Bc3 $1 (17. Nb5 Be5
18. f4 a6 $13) 17... Na6 (17... Nc6 18. Ne6 Rf7 19. O-O-O Ne7 20. Rhg1 g6 21.
h4 $44) 18. Ne6 Rfc8 (18... Rf7 19. O-O-O Nc7 20. Nxc7 Bxc7 21. Rxd5 Rd8 $10)
19. Rd1 (19. Nxg7 $2 Rxc3 20. bxc3 Kxg7 $19) (19. Bxg7 $2 Re8 $19) 19... Bb4 (
19... Nc7 20. Nxg7 Nb5 21. Nxf5 $16) 20. Bxb4 Nxb4 21. a3 Nc2+ $2 (21... Nc6
22. Rxd5 Re8 23. Nc7 Rad8 24. Rxd8 Rxd8 25. Ke2 Rd7 $10) 22. Kf1 Rc6 23. Nf4 d4
24. exd4 $16 Rb6 25. Rg1 Rd8 (25... Rxb2 26. Ne6 g6 27. d5 Kf7 28. Rg3 Ra2 29.
Ng5+ Kg7 30. Rc3 h6 31. Rc7+ Kf6 32. Nh7+ Ke5 33. Re7+ $16) 26. d5 Rd7 (26...
Kf7 $5) 27. Rg3 $1 Rxb2 (27... Kf7 28. b4 $18) 28. Nh5 $1 Kf8 (28... Rf7 29. d6
$18) (28... Rb6 29. Rc3 Rb2 30. d6 Kf7 31. Rc7 $18) 29. Rxg7 $1 Rxg7 30. Nxg7
Nxa3 (30... Kxg7 31. d6 Kf7 32. d7 $18) 31. d6 Rb1 32. Ne6+ $1 Kf7 (32... Ke8
33. d7+ $18) 33. Rxb1 (33. Rxb1 Nxb1 34. d7 $18) 1-0